| 000 | 00658nam a22001577a 4500 | ||
|---|---|---|---|
| 003 | OSt | ||
| 005 | 20150919104726.0 | ||
| 008 | 150919b xxu||||| |||| 00| 0 eng d | ||
| 040 | _cRUA | ||
| 082 | _aAGR HAY 2004 B030 Or.1 | ||
| 100 |
_9850 _aHAY, LEAKHENA. |
||
| 245 | _aconstraints and potentials of agricultural development in the periphery of siemreap (កត្តារារាំង និងសក្តានុពលនៃការអភិឌ្ឍន៍កសិកម្មនៅតំបន់ជុំវិញទីក្រុងសៀមរាប) | ||
| 260 |
_aPhnom Penh _bRUA _c2004 |
||
| 300 |
_a63p. _bill. _c29cm. |
||
| 942 |
_2ddc _cAGR |
||
| 999 |
_c819 _d819 |
||